Adolphe Thiers : La contingence et le pouvoir (notice n° 2197803)

détails MARC
000 -LEADER
fixed length control field 01489cam a2200133 4500500
005 - DATE AND TIME OF LATEST TRANSACTION
control field 20260405085451.0
041 ## - LANGUAGE CODE
Language code of text/sound track or separate title fre
042 ## - AUTHENTICATION CODE
Authentication code dc
100 10 - MAIN ENTRY--PERSONAL NAME
Personal name Sawyer, Stephen W.
Relator term author
245 00 - TITLE STATEMENT
Title Adolphe Thiers : La contingence et le pouvoir
260 ## - PUBLICATION, DISTRIBUTION, ETC.
Name of publisher, distributor, etc. Armand Colin,<br/>
Date of publication, distribution, etc. 2018.<br/>
520 ## - SUMMARY, ETC.
Summary, etc. Acteur majeur de l’histoire de la France, Adolphe Thiers demeure le grand absent de l’historiographie des libéraux, et plus généralement, de la pensée politique du XIXe siècle. À la différence de Tocqueville, Constant ou Guizot, Thiers est resté dans l’ombre, ignoré, boudé, voire éconduit, et aujourd’hui encore, la seule mention de son nom suscite la controverse. En suivant les vicissitudes d’une vie politique longue de plus de cinquante ans, cet ouvrage essaie de comprendre pourquoi et, sans réhabiliter « le boucher » de la Commune, il vise à éclairer ce qui se joue, dans la carrière de ce Machiavel du XIXe siècle, des contradictions de notre modernité politique. Jeter un nouveau regard sur l’homme de la contingence et du pouvoir, c’est mettre en évidence l’interpénétration constante des idées et de la pratique au sein du jeu politique. En revenant sur Adolphe Thiers, l’homme d’action par excellence, ce livre entend donc esquisser une histoire pragmatique du politique, lui-même inséparable d’une histoire de ses usages.
856 41 - ELECTRONIC LOCATION AND ACCESS
Uniform Resource Identifier <a href="https://shs.cairn.info/adolphe-thiers--9782200294458?lang=fr&redirect-ssocas=7080">https://shs.cairn.info/adolphe-thiers--9782200294458?lang=fr&redirect-ssocas=7080</a>

Pas d'exemplaire disponible.

PLUDOC

PLUDOC est la plateforme unique et centralisée de gestion des bibliothèques physiques et numériques de Guinée administré par le CEDUST. Elle est la plus grande base de données de ressources documentaires pour les Étudiants, Enseignants chercheurs et Chercheurs de Guinée.

Adresse

627 919 101/664 919 101

25 boulevard du commerce
Kaloum, Conakry, Guinée

Réseaux sociaux

Powered by Netsen Group @ 2025